LEADER 01379nam a2200325 a 4500 001 000000130658 003 CaOOAMICUS 005 20121004093448.0 008 121004t20102000it bd u000 u ita r 020 $a978-88-11-67499-3 040 $aPUL$bita 041 1 $aita$heng 082 04$a327 100 1 $aHuntington, Samuel P.$0(OLS)http://pul/name/83730 240 10$aClash of civilizations and the remaking of world order.$lItaliano.$0(OLS)http://pul/title/165117 245 13$aLo scontro delle civiltą e il nuovo ordine mondiale /$cSamuel P. Huntington. 260 $aMilano :$bGarzanti,$c2010. 300 $a499 p. :$bc. geogr., grafici ;$c19 cm 490 1 $aGli elefanti. Saggi 504 $aBibliografia in nota. 650 4$aPolitica internazionale$ySec. XX.$0(OLS)http://pul/subject/18834 830 4$aGli elefanti.$pSaggi.$0(OLS)http://pul/title/77077 850 $aPUL 852 $aPUL$W1$xSL Diritto e Scienze Sociali 3$y79$m327 HUNSA 1$j151082$qDDC 21$q $B149793$CPULBib$Z2$F149793 $H120823 $81 941 1 $a9 996 $6020$a978-88-11-67499-3$9(OLS)http://pul/number/150716 996 $6082$a327$9(OLS)http://pul/classification/379 996 $6245$aLo scontro delle civiltą e il nuovo ordine mondiale$9(OLS)http://pul/title/165116 996 $6260$aMilano :$bGarzanti$9(OLS)http://pul/publisher/49146 LEADER 01532nam a2200337 a 4500 001 000000133106 003 CaOOAMICUS 005 20130312121447.0 008 130312s2010 it u000 u ita r 020 $a978-88-88926-49-0 040 $aPUL$bita 082 04$a121 100 1 $aLivi, Antonio,$d1937-$0(OLS)http://pul/name/10769 245 10$aFilosofia del senso comune :$blogica della scienza e della fede /$cAntonio Livi. 250 $aNuova ed. interamente rielaborata. 260 $aRoma :$bLeonardo da Vinci,$c©2010. 300 $a210 p. ;$c24 cm. 490 1 $aBiblioteca di Sensus communis ;$v07 504 $aInclude riferimenti bibliografici. 650 4$aConoscenza$xFilosofia.$0(OLS)http://pul/subject/39165 650 4$aSenso comune.$0(OLS)http://pul/subject/20762 830 0$aBiblioteca di Sensus communis ;$v07.$0(OLS)http://pul/title/132840 850 $aPUL 852 $aPUL$W1$xSL Filosofia 3$y81$m121 LIVAN 2$j153045$qDDC 21$B152541$CPULBib$Z2$F152541 $H121838 $82 852 $aPUL$W1$xDP2 Filosofia 3$y112$m121 LIVAN 2B$j194949$b2. copia$qDDC 21$B199849$CPULBib$Z2$F199849 $H132063 $81 941 1 $a9 996 $6020$a978-88-88926-49-0$9(OLS)http://pul/number/152082 996 $6082$a121$9(OLS)http://pul/classification/133 996 $6245$aFilosofia del senso comune :$blogica della scienza e della fede$9(OLS)http://pul/title/168176 996 $6260$aRoma :$bLeonardo da Vinci$9(OLS)http://pul/publisher/51778